| 000 | 01405nam a22003737a 4500 | ||
|---|---|---|---|
| 001 | 0006790 | ||
| 003 | KOHA_MİRAKIL | ||
| 005 | 20260207001534.0 | ||
| 007 | ta | ||
| 008 | 090806b2004 tu |||gr||||#0|||0|tur | | ||
| 020 | _a9751936829 | ||
| 020 |
_a9789751936820 _c0,01 |
||
| 040 |
_aTR-BiSEU _btur _cTR-BiSEU _erda |
||
| 041 | 0 | _atur | |
| 044 | _ctu | ||
| 050 |
_aDR479 _b.B45 2004 |
||
| 245 | 0 |
_aBelgelerle Osmanlı-Türkistan ilişkileri (XVI-XX. yüzyıllar)/ _ceditör Yusuf Sarınay, Cevat Ekici...[ve bşk.]. |
|
| 264 | 1 |
_aAnkara : _bT.C. Başbakanlık Devlet Arşivleri Genel Müdürlüğü _c2004 |
|
| 300 | _axx, 277: resimli, maps (some col.) | ||
| 336 |
_ametin _btxt _2rdacontent |
||
| 337 |
_aaracısız _bn _2rdamedia |
||
| 338 |
_acilt _bnc _2rdacarrier |
||
| 490 | 1 |
_aOsmanli Arşivi Daire Başkanlığı yayın ; _vnu. |
|
| 490 | 1 | _a70. | |
| 500 | _aDizin var. | ||
| 500 | _aIn romanized Ottoman Turkish with facsimiles of original Ottoman Turkish documents in Arabic script, and with the introduction in Turkish | ||
| 650 | 0 |
_aTurkey--Foreign relations--Asia, Central--Sources. _916779 |
|
| 650 | 0 |
_aAsia, Central--Foreign relations--Turkey--Sources. _916780 |
|
| 650 | 0 |
_aTurkey--History Ottoman Empire, 1288-1918--Sources. _916781 |
|
| 830 | 1 |
_aOsmanli Arşivi Daire Başkanlığı yayın ; _vnu. _916782 |
|
| 830 | 1 |
_a70. _916783 |
|
| 907 | _aTarih | ||
| 942 |
_2lcc _cBK |
||
| 999 |
_c6771 _d6771 |
||